| 000 | 00907cam a22002414a 4500 | ||
|---|---|---|---|
| 999 |
_c7481 _d7481 |
||
| 003 | OSt | ||
| 005 | 20200310085323.0 | ||
| 008 | 000222s2000 enka b 001 0 eng | ||
| 020 | _a9787561177747 | ||
| 040 |
_aDLC _cDLC _dDLC |
||
| 042 | _apcc | ||
| 082 | 0 | 0 |
_a727.1 _221 _bDES |
| 245 | 1 | 0 |
_aKindergarten architecture : _cHi-Design |
| 250 | _a2nd ed. | ||
| 504 | _aIncludes bibliographical references and index. | ||
| 650 | 0 | _aKindergarten facilities. | |
| 650 | 0 |
_aSchools _xFurniture, equipment, etc. |
|
| 650 | 0 |
_aArchitecture _vDesigns and plans. |
|
| 856 | 4 | 2 |
_3Publisher description _uhttp://www.loc.gov/catdir/enhancements/fy0652/00025594-d.html |
| 906 |
_a7 _bcbc _corignew _d1 _eocip _f20 _gy-gencatlg |
||
| 942 | _2ddc | ||